The Buncefield incident 11 December 2005 (Record no. 109064)
[ view plain ]
| 000 -LEADER | |
|---|---|
| fixed length control field | 02934cad a22002415a 4500 |
| 001 - CONTROL NUMBER | |
| control field | L146175 |
| 008 - FIXED-LENGTH DATA ELEMENTS--GENERAL INFORMATION | |
| fixed length control field | 081215e20081211xxkbdo f s f000 0 eng d |
| 020 ## - INTERNATIONAL STANDARD BOOK NUMBER | |
| International Standard Book Number | 9780717662708 |
| 035 ## - SYSTEM CONTROL NUMBER | |
| System control number | (Sirsi) u146175 |
| 041 0# - LANGUAGE CODE | |
| Language code of text/sound track or separate title | eng |
| 050 04 - LIBRARY OF CONGRESS CALL NUMBER | |
| Classification number | 693.82 $2 18 |
| 110 2# - MAIN ENTRY--CORPORATE NAME | |
| Corporate name or jurisdiction name as entry element | Buncefield Major Incident Investigation Board |
| 9 (RLIN) | 4982 |
| 245 04 - TITLE STATEMENT | |
| Title | The Buncefield incident 11 December 2005 |
| Remainder of title | the final report of the Major Incident Investigation Board, volume 1 |
| Medium | [electronic resource] |
| 260 ## - PUBLICATION, DISTRIBUTION, ETC. | |
| Place of publication, distribution, etc. | [s.l.] |
| Name of publisher, distributor, etc. | [s.n.] |
| Date of publication, distribution, etc. | 2008 |
| 505 2# - FORMATTED CONTENTS NOTE | |
| Formatted contents note | The incident, its impact and the Major Incident Investigation Board -- The Buncefield incident 11 December 2005, a summary of the site and events: the Buncefield depot; the explosion and fire; effects of the explosions and fire; work to understand the violence of the Buncefield explosion -- Summary of the Buncefield Board's work: the investigation; the Board's recommendations and the sector's response -- Economic impact: the economic costs of the Buncefield incident; estimation of the costs of the Board's recommendations (relating to design and operation of flammable storage sites) -- The Board's role and its relationship with the primary investigation: the Board; the Board's approach; the Board's relationship with the criminal investigation; the relationship between the Policy and Procedures Review (PPR) and the criminal investigation; the Board's relationship with the residential and business communities around Hemel Hempstead; the Board's terms of reference -- Taking forward the Board's recommendations: leadership; standards; timetable for bringing our recommendations into effect -- the Board's recommendations: Annexes: terms of reference; members of the independent Board; economic factors; open flammable cloud explosions; environmental update, Environment Agency November 2008 -- References -- Glossary |
| 520 ## - SUMMARY, ETC. | |
| Summary, etc. | Final report from the Buncefield Major Incident Investigation Board into the chemical explosion at the Buncefield depot, 11 December 2005. The report makes a range of suggestions and covers responses from a range of stakeholders on these and their future implementation. Report is divided into three sections - volume one features information on how the Board has carried out its business and a summary of the recommendations presented to industry. The second volume (accessible on the same webpage) brings together the previous eight reports in a single volume. These include progress reports, recommendations on the design and operation of fuel storage sites and commentary on land use planning and the control of societal risk around major hazard sites. |
| 521 ## - TARGET AUDIENCE NOTE | |
| Target audience note | Advanced |
| 590 ## - LOCAL NOTE (RLIN) | |
| Local note | KA |
| 651 #4 - SUBJECT ADDED ENTRY--GEOGRAPHIC NAME | |
| Geographic name | England and Wales |
| Chronological subdivision | 1543- |
| 690 ## - LOCAL SUBJECT ADDED ENTRY--TOPICAL TERM (OCLC, RLIN) | |
| Topical term or geographic name as entry element | MANAGEMENT-HEALTH AND SAFETY-FIRE SAFETY |
| 856 40 - ELECTRONIC LOCATION AND ACCESS | |
| Uniform Resource Identifier | <a href="https://www.buncefieldinvestigation.gov.uk/reports/index.htm#final">https://www.buncefieldinvestigation.gov.uk/reports/index.htm#final</a> |
| Public note | View the items free of charge online at www.buncefieldinvestigation.gov.uk... |
| 942 ## - ADDED ENTRY ELEMENTS (KOHA) | |
| Suppress in OPAC | 0 |
| Withdrawn status | Lost status | Source of classification or shelving scheme | Damaged status | Not for loan | Home library | Current library | Shelving location | Date acquired | Total Checkouts | Full call number | Barcode | Date last seen | Copy number | Price effective from | Koha item type |
|---|---|---|---|---|---|---|---|---|---|---|---|---|---|---|---|
| Dewey Decimal Classification | Virtual | Virtual | Online | 15/12/2008 | ONLINE PUBLICATION | 146175-1001 | 06/08/2019 | 1 | 06/08/2019 | Book |